00623nam a22001577a 4500003000900000008004100009040007100050082001700121100001700138245004700155260003600202300002800238505011400266650005300380650003200433AR-CdUCM190528b ||||| |||| 00| 0 spa d aMUNICIPALIDAD PROVINCIAL DEL CUSCOcBIBLIOTECA MUNICIPAL DEL CUSCO a330.9 /bM26 aMarx, Carlos aFormaciones económicas precapitalistas / aBuenos Aires :bPlatina,c1966. a136 páginas ;c20 cm. aContenido : Textos suplementarios de Marx y Engels sobre la determinación de los períodos históricos... aCritica de la economía política y el capital aPrólogo de Erick Hobsbawn